Analysis for marketing planning

Αποθηκεύτηκε σε:
Λεπτομέρειες βιβλιογραφικής εγγραφής
Κύριος συγγραφέας: Lehmann, Donald R.
Άλλοι συγγραφείς: Winer, Russell S.
Μορφή: Βιβλίο
Γλώσσα:English
Δημοσίευση: Boston : McGraw-Hill/Irwin, c2005
Έκδοση:6th ed.
Σειρά:McGraw-Hill/Irwin series in marketing
Θέματα:
Ετικέτες: Προσθήκη ετικέτας
Δεν υπάρχουν, Καταχωρήστε ετικέτα πρώτοι!

MARC

LEADER 00000nam a2200000 i 4500
001 1/65292
008 071129s2005 eng d
020 |a 0-07-286596-2 
035 |l 10092688 
040 |a GR-MY-UA  |b gre  |e aacr 
041 0 |a eng 
082 0 |a 658.802  |2 (22) 
100 1 |a Lehmann, Donald R. 
245 1 0 |a Analysis for marketing planning /  |c Donald R. Lehmann, Russell S. Winer 
250 |a 6th ed. 
260 |a Boston :   |b McGraw-Hill/Irwin,   |c c2005 
300 |a xii, 256 σ.;  |b εικ.;  |c 23 εκ. 
490 1 |a McGraw-Hill/Irwin series in marketing; 
504 |a Περιλαμβάνει ευρετήριο 
650 0 0 |a Marketing  |x Planning. 
700 1 |a Winer, Russell S. 
830 0 |a McGraw-Hill/Irwin series in marketing 
852 |a INST  |b CHIOS  |e 20071129  |h 658.802 LEH  |p 005200028266  |q 005200028266  |t BK  |y 0 
901 |a BIBL2-2007-3 
909 |a Χ  |b 140491 
922 |a 2ΕΛΗ  |b 200711  |c ΕΠΕΑΕΚ2/ΤΔΕ  |d ΕΛΕΥΘΕΡΟΥΔΑΚΗΣ 
970 |a ΒΑΡΦΗΣ  |b ΒΑΓΓΕΛΗΣ  |z 2007/11/29